000 00236nam a22001097a 4500
041 _aENG
245 _aPractical Mannual
260 _aAhmednagar
_bDepartmnt Of Ageil
_c1998
300 _a34
650 _aAPE ( 02 )
856 _uAPE ( 02 )
999 _c2861
_d2861